BIBLIOTHÈQUE DE LA MAISON DU MEXIQUE

Logo 1 Logo 2

Todavía no es abril (notice nᵒ 4824)

détails MARC
000 -Sello discográfico
campo de control de longitud fija 00682nam0a2200229 4500
005 - Identificación de versión
campo de control 20251016083914.0
035 ## - Otros números de control del sistema
Número de control del sistema 33666
099 ## - fechas locales
Tipo de ítem Koha LIBRO
100 ## - Datos de procesamiento general
Datos de procesamiento general 20110901d2000 m y0spay5003 ba
105 ## - Campo de datos codificados: Material textual, monográfico
Datos codificados de monografía y 001ay
200 1# - Título y mención de responsabilidad
Título propio Todavía no es abril
Designación general del material texto impreso
Primer mención de responsabilidad Mario Hernández González
210 ## - Publicación, distribución, etc.
Lugar de publicación, distribución, etc. México
Nombre del editor, distribuidor, etc. Garúa Editores
Fecha de publicación, distribución, etc. 2000
215 ## - Descripción física
Designación de material específico y extensión del ítem 185 p
Dimensiones 22 cm
345 ## - Nota de información de adquisición
Fuente de adquisición/dirección de la suscripción [OBSOLETO] Donación de Alejandro Rodríguez
700 ## - Nombre personal - Responsabilidad primaria
Elemento de entrada Hernández González
Parte del nombre distinta del elemento de entrada Mario
Fechas 1969-
Número Koha 9296
801 #0 - Fuente de origen
País FR
Agencia cm
Reglas de catalogación (convenciones descriptivas) AFNOR
900 ## -
-- 1/20276
942 ## - ELEMENTOS DE ENTRADA SECUNDARIOS (KOHA)
Tipo de ítem Koha Livre
996 ## -
-- MEX
-- 751145101
-- MMAG
-- 000104
-- 863.64 H557TO
-- 20110901LIV
Exemplaires
Estatus retirado Estado de daño Estado de pérdida Fecha de adquisición Biblioteca de origen Biblioteca actual Ubicación en estantería Código de barras Precio de reemplazo Signatura topográfica completa No para préstamo Tipo de ítem Koha Nota pública Nota no pública
      05/08/2025 Casa México Paris Casa México Paris   000104 05/08/2025 863.64 H557TO   Livre 20110901LIV 751145101